6-Letter Geography Chain :D - Statistics

General Stats
  • This quiz has been taken 749 times
  • The average score is 12 of 16
Answer Stats
Hint Answer % Correct
Country in between Norway and Finland Sweden
99%
The city where pizza was invented Naples
96%
California, Michigan, e.g. States
94%
Country of Jerusalem Israel
91%
Baltic country whose capital is Riga Latvia
88%
Site of the Parthenon and Acropolis Museum Athens
83%
Peninsula in the Black Sea siezed by Russia Crimea
77%
African country whose capital is Kampala Uganda
77%
Island of the Moai statues Easter
76%
Capital of Saudi Arabia Riyadh
76%
Japan's main island Honshu
72%
The biggest island of French Polynesia Tahiti
69%
Where Noah's Ark supposeldy landed Ararat
68%
French reigon that borders Germany and Lorraine Alsace
57%
Founder of the Peloponnesian League Sparta
39%
Official language of Morocco Arabic
13%
No matching quizzes found
Score Distribution
Percent of People with Each Score
Percentile by Number Answered
Your Score History
You have not taken this quiz